Catalog

Record Details

Catalog Search



Logika činu / Maurice Blondel ; [z fr. orig. přel. Karel Říha ; předml. Peter Henrici ; graf. upr. Lubomír Šedivý]

Blondel, Maurice (Author). Říha, Karel (Translator). Henrici, Peter, 1928- (Author of introduction, etc.). Šedivý, Lubomír (Book designer). Křesťanská akademie v Římě (Added Author).

Record details

  • ISBN: 80-86036-56-1
  • Physical Description: 75 s.
  • Edition: Vyd. 1.
  • Publisher: Svitavy : Trinitas, 2001

Content descriptions

Bibliography, etc. Note:
Bibliogr. s. 75
Subject: Antropologie filozofická
filozofie náboženství
Filozofie vůle
Katolicismus
Spiritualismus
Spiritualita

Available copies

  • 1 of 1 copy available at Common Catalog SPOK.

Holds

  • 0 current holds with 1 total copy.
Show All Copies
Location Call Number / Copy Notes Barcode Shelving Location Status Due Date
Jabok Library FL-3/Bl 424480033143 Odborná literatura Available -

LDR 02015cam a22004817a 4500
00118214
003CZ-PrJAB
00520140109100049.0
008030519s2001 xr |||||r|||||||||||cze|d
015 . ‡acnb000889699
020 . ‡a80-86036-56-1
035 . ‡a(CZ PrCU)000696825
040 . ‡aABD001 ‡bcze ‡cABD001 ‡dABD001 ‡dABD064 ‡dABD027
0410 . ‡acze
1001 . ‡aBlondel, Maurice ‡4aut
24510. ‡aLogika činu / ‡cMaurice Blondel ; [z fr. orig. přel. Karel Říha ; předml. Peter Henrici ; graf. upr. Lubomír Šedivý]
250 . ‡aVyd. 1.
260 . ‡aSvitavy : ‡bTrinitas, ‡c2001
300 . ‡a75 s.
4901 . ‡aStudium ; ‡vSv. 147
504 . ‡aBibliogr. s. 75
65007. ‡aAntropologie filozofická ‡2phffuk
65007. ‡afilozofie náboženství ‡2phffuk
65007. ‡aFilozofie vůle ‡2phffuk
65007. ‡aKatolicismus ‡2phffuk
65007. ‡aSpiritualismus ‡2phffuk
65007. ‡aSpiritualita ‡2phffuk
7001 . ‡aŘíha, Karel ‡4trl
7001 . ‡aHenrici, Peter, ‡d1928- ‡7xx0013004 ‡4aui
7001 . ‡aŠedivý, Lubomír ‡4bkd
7102 . ‡aKřesťanská akademie v Římě ‡7kn20020321274
830 0. ‡aStudium
910 . ‡aABG312
901 . ‡a18214 ‡b ‡c18214 ‡tbiblio

Additional Resources